| 000 | 00718nam a22002297a 4500 | ||
|---|---|---|---|
| 999 |
_c12320 _d12320 |
||
| 003 | AR-CdUCM | ||
| 008 | 190408b ||||| |||| 00| 0 spa d | ||
| 040 |
_aMUNICIPALIDAD PROVINCIAL DEL CUSCO _cBIBLIOTECA MUNICIPAL DEL CUSCO |
||
| 082 |
_aC / 869.56 / _bR21 |
||
| 100 |
_aRamírez L., René _925184 |
||
| 245 | _aLos versos humeantes / | ||
| 260 |
_aCusco : _bMimeógrafo de la F.U.C., _c1966. |
||
| 300 |
_a22 páginas ; _c24 cm. |
||
| 500 | _a"Circulo Literario Universidad". | ||
| 505 | _aContenido: Versos. | ||
| 650 |
_aLiteratura Peruana _9132 |
||
| 650 |
_aSiglo XX _98 |
||
| 650 |
_aVersos _92209 |
||
| 700 |
_aTuero V., Néstor (carátula) _930126 |
||
| 942 |
_2ddc _cLIBROS |
||
| 945 |
_aachl _d2019-04-08 |
||